<?xml version="1.0" encoding="UTF-8"?>
<record
    xmlns:xsi="http://www.w3.org/2001/XMLSchema-instance"
    xsi:schemaLocation="http://www.loc.gov/MARC21/slim http://www.loc.gov/standards/marcxml/schema/MARC21slim.xsd"
    xmlns="http://www.loc.gov/MARC21/slim">

  <leader>01955nam a22002657a 4500</leader>
  <controlfield tag="003">Uzh_bibl</controlfield>
  <controlfield tag="008">260429b        |||||||| |||| 00| 0 ukr d</controlfield>
  <datafield tag="020" ind1=" " ind2=" ">
    <subfield code="a">978-966-942-956-8</subfield>
    <subfield code="c">200.00</subfield>
  </datafield>
  <datafield tag="040" ind1=" " ind2=" ">
    <subfield code="b">&#x443;&#x43A;&#x440;.</subfield>
  </datafield>
  <datafield tag="041" ind1=" " ind2=" ">
    <subfield code="2">ukr</subfield>
    <subfield code="a">ukr</subfield>
  </datafield>
  <datafield tag="080" ind1=" " ind2=" ">
    <subfield code="a">821(477)</subfield>
  </datafield>
  <datafield tag="090" ind1=" " ind2=" ">
    <subfield code="a">821(477)</subfield>
    <subfield code="b">&#x41A; 59</subfield>
  </datafield>
  <datafield tag="100" ind1=" " ind2=" ">
    <subfield code="a">&#x41A;&#x43E;&#x43A;&#x43E;&#x442;&#x44E;&#x445;&#x430; , &#x410;&#x43D;&#x434;&#x440;&#x456;&#x439;</subfield>
  </datafield>
  <datafield tag="245" ind1=" " ind2=" ">
    <subfield code="a">&#x412;&#x438;&#x433;&#x43D;&#x430;&#x43D;&#x435;&#x446;&#x44C; &#x456; &#x43D;&#x430;&#x432;&#x447;&#x435;&#x43D;&#x430; &#x432;&#x456;&#x434;&#x44C;&#x43C;&#x430;</subfield>
    <subfield code="c">&#x43E;&#x431;&#x43A;&#x43B;. &#x41E;. &#x421;&#x43A;&#x432;&#x43E;&#x440;&#x447;&#x438;&#x43D;&#x441;&#x44C;&#x43A;&#x43E;&#x457;</subfield>
    <subfield code="h">&#x422;&#x435;&#x43A;&#x441;&#x442;</subfield>
  </datafield>
  <datafield tag="260" ind1=" " ind2=" ">
    <subfield code="a">&#x425;&#x430;&#x440;&#x43A;&#x456;&#x432;</subfield>
    <subfield code="b">&#x412;&#x456;&#x432;&#x430;&#x442;</subfield>
    <subfield code="c">2019</subfield>
  </datafield>
  <datafield tag="300" ind1=" " ind2=" ">
    <subfield code="a">304 &#x441;.</subfield>
    <subfield code="f">&#x412; &#x43E;&#x43F;&#x440;.</subfield>
  </datafield>
  <datafield tag="490" ind1=" " ind2=" ">
    <subfield code="a">&#x421;&#x435;&#x440;&#x456;&#x44F; "&#x425;&#x443;&#x434;&#x43E;&#x436;&#x43D;&#x44F; &#x43B;&#x456;&#x442;&#x435;&#x440;&#x430;&#x442;&#x443;&#x440;&#x430;"</subfield>
  </datafield>
  <datafield tag="520" ind1=" " ind2=" ">
    <subfield code="a">&#x41B;&#x456;&#x442;&#x43E; 1911 &#x440;&#x43E;&#x43A;&#x443;. &#x41A;&#x43E;&#x43B;&#x438;&#x448;&#x43D;&#x456;&#x439; &#x43A;&#x438;&#x457;&#x432;&#x441;&#x44C;&#x43A;&#x438;&#x439; &#x441;&#x43B;&#x456;&#x434;&#x447;&#x438;&#x439;, &#x430; &#x442;&#x435;&#x43F;&#x435;&#x440; &#x432;&#x438;&#x433;&#x43D;&#x430;&#x43D;&#x435;&#x446;&#x44C; &#x41F;&#x43B;&#x430;&#x442;&#x43E;&#x43D; &#x427;&#x435;&#x447;&#x435;&#x43B;&#x44C; &#x432;&#x438;&#x43A;&#x43E;&#x43D;&#x443;&#x454; &#x432; &#x41F;&#x43E;&#x43B;&#x442;&#x430;&#x432;&#x456; &#x434;&#x435;&#x43B;&#x456;&#x43A;&#x430;&#x442;&#x43D;&#x435; &#x434;&#x43E;&#x440;&#x443;&#x447;&#x435;&#x43D;&#x43D;&#x44F;. &#x410;&#x43B;&#x435; &#x439;&#x43E;&#x433;&#x43E; &#x437;&#x430;&#x442;&#x440;&#x438;&#x43C;&#x443;&#x454; &#x432; &#x43C;&#x456;&#x441;&#x442;&#x456; &#x449;&#x435; &#x43E;&#x434;&#x43D;&#x430; &#x456;&#x441;&#x442;&#x43E;&#x440;&#x456;&#x44F; &#x2014; &#x43D;&#x435; &#x43A;&#x440;&#x438;&#x43C;&#x456;&#x43D;&#x430;&#x43B;&#x44C;&#x43D;&#x430;, &#x430; &#x43C;&#x456;&#x441;&#x442;&#x438;&#x447;&#x43D;&#x430;. &#x423; &#x43A;&#x440;&#x430;&#x457; &#x434;&#x456;&#x454;&#x442;&#x44C;&#x441;&#x44F; &#x449;&#x43E;&#x441;&#x44C; &#x434;&#x438;&#x432;&#x43D;&#x435;. &#x41F;&#x441;&#x443;&#x454;&#x442;&#x44C;&#x441;&#x44F; &#x43F;&#x43E;&#x433;&#x43E;&#x434;&#x430;, &#x43C;&#x430;&#x441;&#x43E;&#x432;&#x43E; &#x43C;&#x440;&#x435; &#x445;&#x443;&#x434;&#x43E;&#x431;&#x430;, &#x43C;&#x43E;&#x43B;&#x43E;&#x434;&#x443; &#x43C;&#x456;&#x441;&#x446;&#x435;&#x432;&#x443; &#x43F;&#x43E;&#x43C;&#x456;&#x449;&#x438;&#x446;&#x44E; &#x437;&#x432;&#x438;&#x43D;&#x443;&#x432;&#x430;&#x447;&#x435;&#x43D;&#x43E; &#x443; &#x432;&#x456;&#x434;&#x44C;&#x43E;&#x43C;&#x441;&#x442;&#x432;&#x456;, &#x430; &#x437;&#x430; &#x432;&#x441;&#x456;&#x43C; &#x446;&#x438;&#x43C; &#x43A;&#x440;&#x438;&#x44E;&#x442;&#x44C;&#x441;&#x44F; &#x441;&#x442;&#x430;&#x440;&#x456; &#x447;&#x443;&#x436;&#x456; &#x441;&#x456;&#x43C;&#x435;&#x439;&#x43D;&#x456; &#x433;&#x440;&#x456;&#x445;&#x438; &#x2014; &#x43A;&#x440;&#x438;&#x432;&#x430;&#x432;&#x430; &#x440;&#x43E;&#x437;&#x43F;&#x43B;&#x430;&#x442;&#x430; &#x437;&#x430; &#x44F;&#x43A;&#x456; &#x43D;&#x435;&#x432;&#x456;&#x434;&#x432;&#x43E;&#x440;&#x43E;&#x442;&#x43D;&#x430;. &#x42F;&#x43A;&#x456; &#x436; &#x447;&#x43E;&#x440;&#x442;&#x438; &#x445;&#x43E;&#x432;&#x430;&#x44E;&#x442;&#x44C;&#x441;&#x44F; &#x432; &#x437;&#x430;&#x431;&#x43E;&#x43B;&#x43E;&#x447;&#x435;&#x43D;&#x43E;&#x43C;&#x443; &#x43A;&#x443;&#x442;&#x43A;&#x443; &#x41F;&#x43E;&#x43B;&#x442;&#x430;&#x432;&#x449;&#x438;&#x43D;&#x438;? &#x427;&#x43E;&#x43C;&#x443; &#x433;&#x43E;&#x441;&#x43F;&#x43E;&#x434;&#x430;&#x440;&#x456; &#x43F;&#x43E;&#x441;&#x43C;&#x456;&#x445;&#x430;&#x44E;&#x442;&#x44C;&#x441;&#x44F; &#x439; &#x432;&#x43E;&#x434;&#x43D;&#x43E;&#x447;&#x430;&#x441; &#x433;&#x43E;&#x441;&#x442;&#x440;&#x44F;&#x442;&#x44C; &#x43D;&#x430; &#x447;&#x443;&#x436;&#x438;&#x43D;&#x446;&#x456;&#x432; &#x43D;&#x43E;&#x436;&#x456;? &#x412;&#x441;&#x442;&#x430;&#x43D;&#x43E;&#x432;&#x438;&#x442;&#x438; &#x456;&#x441;&#x442;&#x438;&#x43D;&#x443; &#x434;&#x43B;&#x44F; &#x41F;&#x43B;&#x430;&#x442;&#x43E;&#x43D;&#x430; &#x2014; &#x441;&#x43F;&#x440;&#x430;&#x432;&#x430; &#x447;&#x435;&#x441;&#x442;&#x456;. &#x406; &#x432;&#x438;&#x436;&#x438;&#x432;&#x430;&#x43D;&#x43D;&#x44F;&#x2026;</subfield>
  </datafield>
  <datafield tag="521" ind1=" " ind2=" ">
    <subfield code="a">&#x414;&#x43B;&#x44F; &#x448;&#x438;&#x440;&#x43E;&#x43A;&#x43E;&#x433;&#x43E; &#x43A;&#x43E;&#x43B;&#x430; &#x447;&#x438;&#x442;&#x430;&#x447;&#x456;&#x432;</subfield>
  </datafield>
  <datafield tag="546" ind1=" " ind2=" ">
    <subfield code="a">&#x443;&#x43A;&#x440;.</subfield>
  </datafield>
  <datafield tag="650" ind1=" " ind2=" ">
    <subfield code="a">&#x41B;&#x456;&#x442;&#x435;&#x440;&#x430;&#x442;&#x443;&#x440;&#x43D;&#x43E;-&#x445;&#x443;&#x434;&#x43E;&#x436;&#x43D;&#x454; &#x432;&#x438;&#x434;&#x430;&#x43D;&#x43D;&#x44F;</subfield>
  </datafield>
  <datafield tag="653" ind1=" " ind2=" ">
    <subfield code="a">&#x41C;&#x456;&#x441;&#x442;&#x438;&#x43A;&#x430;</subfield>
    <subfield code="a">&#x412;&#x456;&#x434;&#x44C;&#x43C;&#x430;</subfield>
    <subfield code="a">&#x421;&#x43B;&#x456;&#x434;&#x447;&#x438;&#x439;</subfield>
  </datafield>
  <datafield tag="655" ind1=" " ind2=" ">
    <subfield code="a">&#x414;&#x435;&#x442;&#x435;&#x43A;&#x442;&#x438;&#x432;</subfield>
    <subfield code="v">&#x420;&#x43E;&#x43C;&#x430;&#x43D;</subfield>
    <subfield code="y">1911</subfield>
    <subfield code="z">&#x41F;&#x43E;&#x43B;&#x442;&#x430;&#x432;&#x430;</subfield>
  </datafield>
  <datafield tag="942" ind1=" " ind2=" ">
    <subfield code="2">udc</subfield>
    <subfield code="c">BK</subfield>
  </datafield>
  <datafield tag="999" ind1=" " ind2=" ">
    <subfield code="c">17561</subfield>
    <subfield code="d">17561</subfield>
  </datafield>
  <datafield tag="952" ind1=" " ind2=" ">
    <subfield code="0">0</subfield>
    <subfield code="1">0</subfield>
    <subfield code="2">udc</subfield>
    <subfield code="4">0</subfield>
    <subfield code="7">0</subfield>
    <subfield code="a">F5</subfield>
    <subfield code="b">F5</subfield>
    <subfield code="c">ABP</subfield>
    <subfield code="d">2026-04-29</subfield>
    <subfield code="i">73298</subfield>
    <subfield code="l">0</subfield>
    <subfield code="o">821(477)</subfield>
    <subfield code="p">4157</subfield>
    <subfield code="r">2026-04-29</subfield>
    <subfield code="w">2026-04-29</subfield>
    <subfield code="y">BK</subfield>
  </datafield>
</record>
